000 00776nam a2200229 a 4500
001 000025277
005 20200930023657.0
008 110211s1978 mx r 000 0 spa d
020 _a9682301904
040 _aDO-SdBNP
_bspa
_cBNPHU
041 1 7 _aspa
_hfre
_2Código de idioma MARC
082 _aNNN
_bB136c, 1978
100 1 _aBadiou, Alain
_946568
240 1 0 _aLe concept de modele.
_lEspañol.
245 1 3 _aEl concepto de modelo :
_bbases para una epistemologia materialista de las matemáticas /
_cAlain Badiou ; traducción Hugo Acevedo.
250 _a3a ed.
260 _aMéxico, D. F. :
_bSiglo Veintiuno,
_c1978.
300 _a141, [1] p. ;
_c18 cm.
534 _aTítulo original:
_tLe concept de modele
700 1 _aAcevedo, Hugo
_etr.
_928594
049 _aBNGR
999 _c24770
_d24770